| 000 | 00625nam a22002297a 4500 | ||
|---|---|---|---|
| 003 | OSt | ||
| 005 | 20220107122756.0 | ||
| 008 | 150121b xxu||||| |||| 00| 0 eng d | ||
| 020 | _a9788131520956 | ||
| 040 | _cIIITMK | ||
| 082 | _a004.65 WHI/F | ||
| 100 |
_aWhite, Curt M. _96036 |
||
| 245 | _aFundamentals of networking and data communications | ||
| 250 | _a7th ed. | ||
| 260 |
_aDelhi _bCengage Learning India _c2013 |
||
| 300 | _axxi, 421p. | ||
| 650 |
_aCOMPUTER SCIENCE _96037 |
||
| 650 |
_aCOMMUNICATION TECHNOLOGY _910888 |
||
| 650 |
_aDATA COMMUNICATION _96038 |
||
| 650 |
_aNETWORKING _96039 |
||
| 942 |
_2ddc _cBK |
||
| 999 |
_c4511 _d4511 |
||